[Event "Sardinia World Open A"]
[Site "Orosei ITA"]
[Date "2026.05.06"]
[Round "5.4"]
[White "Amar, Elham"]
[Black "Mendonca, Leon Luke"]
[Result "1/2-1/2"]
[WhiteTitle "GM"]
[BlackTitle "GM"]
[WhiteElo "2576"]
[BlackElo "2613"]
[WhiteFideId "1533533"]
[BlackFideId "35028561"]
[EventDate "2026.05.03"]

1. d4 Nf6 2. Nf3 d5 3. Bf4 c5 4. e3 Nc6 5. h3 e6 6. c3 Bd6 7. Bb5 O-O 8. O-O
Bxf4 9. exf4 Qb6 10. Bxc6 bxc6 11. dxc5 Qxc5 12. Nbd2 a5 13. Re1 Qb6 14. b3 c5
15. Ne5 Bb7 16. Ng4 Ne8 17. Nf1 Nd6 18. Ng3 a4 19. Ne5 Qc7 20. b4 c4 21. Nf3 Ne4
22. Qc1 Nxg3 23. fxg3 Rae8 24. Qe3 Re7 25. Qd4 f6 26. Re3 Rfe8 27. Rae1 Bc8 28.
g4 Qa7 29. Qd2 Qc7 30. R3e2 h6 31. a3 Qd6 32. Qd4 Qc7 33. Kh1 Qa7 34. Qd2 Qc7
35. Qd4 Qa7 36. Qd2 Qc7 37. f5 e5 38. Qxd5+ Kh7 39. Nd2 Rd8 40. Qxc4 Qb6 41. Qc5
Qxc5 42. bxc5 Rc7 43. Ne4 Bb7 44. Rb2 Rd3 45. Kh2 Bxe4 46. Rxe4 Rxc5 47. Rxa4
Rcxc3 48. Ra2 Kg8 49. Ra8+ Kf7 50. Ra7+ Kg8 51. Ra8+ Kf7 52. a4 Ra3 53. Re2 Ke7
54. a5 Rd8 55. Rxd8 Kxd8 56. Rb2 Kc7 57. Rb5 Kc8 58. h4 Kc7 59. g5 hxg5 60. hxg5
e4 61. gxf6 gxf6 62. Rb6 Rxa5 63. Rxf6 e3 64. Re6 Rxf5 65. Rxe3 Kd6 66. Kh3 Rf8
67. g4 Rh8+ 68. Kg3 Rg8 69. Re1 Kd5 70. Re3 Kd6 71. Re4 Kd5 72. Kf3 Rf8+ 73. Rf4
Rg8 74. Rf6 Ke5 75. Ra6 Rf8+ 76. Kg3 Rf6 77. Ra1 Ke6 78. g5 Rf8 79. Ra7 Kf5 1/2-1/2

[Event "Sardinia World Open A"]
[Site "Orosei ITA"]
[Date "2026.05.06"]
[Round "5.5"]
[White "Puranik, Abhimanyu"]
[Black "Ohanyan, Emin"]
[Result "1/2-1/2"]
[WhiteTitle "GM"]
[BlackTitle "GM"]
[WhiteElo "2607"]
[BlackElo "2508"]
[WhiteFideId "5061245"]
[BlackFideId "13312022"]
[EventDate "2026.05.03"]

1. d4 d5 2. c4 e6 3. Nc3 c6 4. Nf3 Nf6 5. e3 Nbd7 6. Qc2 Bd6 7. b3 O-O 8. Be2 e5
9. cxd5 cxd5 10. Nb5 Bb4+ 11. Bd2 Bxd2+ 12. Nxd2 a6 13. dxe5 Nxe5 14. Nd4 Bg4
15. Bxg4 Nfxg4 16. O-O Rc8 17. Qf5 g6 18. Qf4 h5 19. h3 Nd3 20. Qg3 Nge5 21.
N2f3 Qd6 22. Rad1 Nxf3+ 23. Qxf3 Ne5 24. Qf4 Rfd8 25. Rd2 Nc6 26. Qxd6 Rxd6 27.
Ne2 Ne7 28. g4 hxg4 29. hxg4 Rdc6 30. Rfd1 g5 31. Nd4 Rc1 32. Kf1 Kg7 33. Ke2
Kf6 34. Nf3 R8c7 35. Ne1 Rxd1 36. Rxd1 Ke6 37. Kd2 f5 1/2-1/2

[Event "Sardinia World Open A"]
[Site "Orosei ITA"]
[Date "2026.05.06"]
[Round "5.6"]
[White "Yilmaz, Mustafa"]
[Black "Dardha, Daniel"]
[Result "1/2-1/2"]
[WhiteTitle "GM"]
[BlackTitle "GM"]
[WhiteElo "2549"]
[BlackElo "2602"]
[WhiteFideId "6302718"]
[BlackFideId "240990"]
[EventDate "2026.05.03"]

1. d4 Nf6 2. c4 e6 3. Nf3 d5 4. Nc3 Nbd7 5. cxd5 exd5 6. Qc2 Bb4 7. Bf4 O-O 8.
e3 c5 9. Be2 c4 10. O-O Qa5 11. Nd2 1/2-1/2

[Event "Sardinia World Open A"]
[Site "Orosei ITA"]
[Date "2026.05.06"]
[Round "5.7"]
[White "Averin, Nikolay"]
[Black "Jacobson, Brandon"]
[Result "0-1"]
[WhiteTitle "IM"]
[BlackTitle "GM"]
[WhiteElo "2416"]
[BlackElo "2594"]
[WhiteFideId "24250473"]
[BlackFideId "30901561"]
[EventDate "2026.05.03"]

1. e4 c5 2. Nf3 e6 3. d4 cxd4 4. Nxd4 Nf6 5. Nc3 Bb4 6. e5 Nd5 7. Bd2 Nxc3 8.
bxc3 Bf8 9. Bd3 Na6 10. O-O Nc5 11. f4 g6 12. Qf3 d5 13. Be3 Bd7 14. c4 Nxd3 15.
cxd3 dxc4 16. dxc4 Bc5 17. Qxb7 O-O 18. Rad1 Ba4 19. Rd3 Rb8 20. Qf3 Qc7 21. Nb3
Be7 22. Rc1 Ba3 23. Rcc3 a5 24. Qf2 Rfc8 25. h3 Bc6 26. Nd4 Rb1+ 27. Kh2 Bb4 28.
Rb3 Be4 29. Rxb1 Bxd3 30. Rc1 Qd7 31. c5 Rxc5 32. Rxc5 Bxc5 33. Nb3 Bb4 34. Bc5
Bc4 35. a3 Bxc5 36. Nxc5 Qc6 37. Qd4 Bd5 38. h4 h5 39. a4 Kg7 40. Qf2 Bxg2 41.
Nxe6+ Qxe6 42. Qxg2 Qc4 43. Qf2 Qxa4 44. Qe3 Qa2+ 45. Kg3 a4 46. Qd4 Qb3+ 47.
Kf2 Kh7 48. Qa7 a3 49. e6 Qa2+ 50. Kf3 Qxe6 0-1

[Event "Sardinia World Open A"]
[Site "Orosei ITA"]
[Date "2026.05.06"]
[Round "5.8"]
[White "Maghsoodloo, Parham"]
[Black "Ilinca, Felix-Antonio"]
[Result "1-0"]
[WhiteTitle "GM"]
[BlackTitle "IM"]
[WhiteElo "2710"]
[BlackElo "2486"]
[WhiteFideId "12539929"]
[BlackFideId "54764998"]
[EventDate "2026.05.03"]

1. c4 Nf6 2. Nc3 e5 3. Nf3 Nc6 4. a3 g6 5. g3 d5 6. cxd5 Nxd5 7. d3 Nxc3 8. bxc3
Bg7 9. Qc2 b6 10. Bg2 Bb7 11. O-O Qd7 12. Bb2 O-O-O 13. Rfd1 f5 14. c4 Qe7 15.
e3 Rhe8 16. Bc3 e4 17. dxe4 Rxd1+ 18. Rxd1 Bxc3 19. Qxc3 Qxe4 20. c5 Rd8 21. Rc1
Qe7 22. h4 h6 23. Qb3 g5 24. cxb6 axb6 25. Qb5 Qf6 26. hxg5 hxg5 27. Nxg5 Ne5
28. a4 Nd3 29. Nh7 Qg6 30. Nf8 Qf7 31. Bxb7+ Kxb7 32. Rc3 Nxf2 33. Qc6+ Kb8 34.
Kxf2 Rxf8 35. a5 bxa5 36. Rc5 Qa2+ 37. Kf3 1-0

[Event "Sardinia World Open A"]
[Site "Orosei ITA"]
[Date "2026.05.06"]
[Round "5.9"]
[White "Prraneeth, Vuppala"]
[Black "Karthikeyan, Murali"]
[Result "1/2-1/2"]
[WhiteTitle "GM"]
[BlackTitle "GM"]
[WhiteElo "2515"]
[BlackElo "2648"]
[WhiteFideId "46622373"]
[BlackFideId "5074452"]
[EventDate "2026.05.03"]

1. e4 c5 2. Nf3 Nc6 3. d4 cxd4 4. Nxd4 Nf6 5. Nc3 e5 6. Ndb5 d6 7. Nd5 Nxd5 8.
exd5 Nb8 9. a4 Be7 10. Bd2 O-O 11. Be2 Nd7 12. a5 a6 13. Na3 Nf6 14. Bb4 b5 15.
c4 bxc4 16. Nxc4 Rb8 17. Bc3 Ne4 18. O-O Nxc3 19. bxc3 Qc7 20. Nb6 Bd8 21. Qd3
Qc5 22. Nxc8 Qxc8 23. Qxa6 Qxa6 24. Bxa6 Ra8 25. Bb5 Rxa5 26. c4 Rxa1 27. Rxa1
Bb6 28. Bc6 f5 29. Ra8 Rxa8 30. Bxa8 Kf7 31. Kf1 Kf6 32. Ke2 e4 33. Bc6 h5 34.
Be8 h4 35. h3 g5 36. Bd7 Ke5 37. f3 Kf4 38. Be6 Bc5 39. Bd7 Bb6 40. Be6 Ke5 1/2-1/2

[Event "Sardinia World Open A"]
[Site "Orosei ITA"]
[Date "2026.05.06"]
[Round "5.10"]
[White "Idani, Pouya"]
[Black "Caprio, Guido"]
[Result "1/2-1/2"]
[WhiteTitle "GM"]
[BlackTitle "IM"]
[WhiteElo "2594"]
[BlackElo "2430"]
[WhiteFideId "12510130"]
[BlackFideId "834580"]
[EventDate "2026.05.03"]

1. e4 c5 2. Nf3 e6 3. d4 cxd4 4. Nxd4 Nf6 5. Nc3 Nc6 6. a3 Be7 7. Be3 O-O 8. Be2
d6 9. Qd3 Bd7 10. f4 e5 11. Nxc6 bxc6 12. Rf1 Rb8 13. fxe5 dxe5 14. O-O-O Qa5
15. Qa6 Qxa6 16. Bxa6 Be6 17. h3 Nh5 18. Rf2 Nf4 19. Na4 Bg5 20. Rf3 Bc8 21.
Bxc8 Rbxc8 22. Kb1 Rfd8 23. Rdf1 Bf6 24. Bxf4 exf4 25. Rxf4 Rc7 26. Nc5 Rd2 27.
g4 h6 28. R4f3 Re2 29. Rb3 Bd4 30. Rb8+ Kh7 31. Rb7 Rxb7 32. Nxb7 Rxe4 33. Rxf7
Re1+ 34. Ka2 Re2 35. Rd7 c5 36. Kb3 c4+ 37. Kb4 Rxc2 38. Rxd4 Rxb2+ 39. Kxc4
Rxb7 40. h4 h5 41. gxh5 Kh6 42. a4 Kxh5 43. a5 a6 44. Rd6 Kxh4 45. Rxa6 g5 46.
Rh6+ Kg3 47. a6 Ra7 48. Kb5 g4 49. Kb6 Rxa6+ 50. Kxa6 Kf2 51. Rf6+ Ke2 52. Rg6
Kf3 53. Kb5 g3 54. Kc4 g2 55. Kd3 Kf2 56. Rxg2+ Kxg2 57. Ke4 Kg3 1/2-1/2

[Event "Sardinia World Open A"]
[Site "Orosei ITA"]
[Date "2026.05.06"]
[Round "5.11"]
[White "Zwirs, Nico"]
[Black "Smirin, Ilia"]
[Result "0-1"]
[WhiteTitle "IM"]
[BlackTitle "GM"]
[WhiteElo "2434"]
[BlackElo "2562"]
[WhiteFideId "1036432"]
[BlackFideId "2801990"]
[EventDate "2026.05.03"]

1. e4 c5 2. Nf3 d6 3. d4 cxd4 4. Nxd4 Nf6 5. Nc3 Nc6 6. Bg5 e6 7. Qd2 a6 8.
O-O-O Bd7 9. f3 Nxd4 10. Qxd4 b5 11. Kb1 Be7 12. h4 Rb8 13. Qd2 b4 14. Ne2 a5
15. Nd4 a4 16. Bd3 a3 17. b3 h6 18. Be3 e5 19. Ne2 d5 20. exd5 Nxd5 21. Bf2 Qc7
22. Bc4 Nf6 23. Bg3 O-O 24. Qd4 Qa5 25. Bxe5 Rbd8 26. Qf4 Be6 27. Nd4 Nd5 28.
Nc6 Nxf4 29. Nxa5 Rxd1+ 30. Rxd1 Nxg2 31. Nc6 Bc5 32. Bd4 Ne3 33. Bxe3 Bxe3 34.
Nxb4 Bxc4 35. bxc4 Rc8 36. Nd5 Rb8+ 37. Ka1 Bc5 38. Rb1 Re8 39. c3 h5 40. Rb5
Bf2 41. Kb1 Bxh4 42. c5 Rc8 43. Kc2 Bd8 44. Kd3 Kh7 45. Kd4 h4 46. Rb1 g5 47.
Rg1 f5 48. Nb6 Rb8 49. Nd7 Rb2 50. Ke5 Kg6 51. Nf8+ Kf7 52. Nh7 Rxa2 53. Rd1
Re2+ 54. Kxf5 a2 55. c6 Rb2 56. Nxg5+ Bxg5 57. c7 Rb5+ 58. Kg4 Rc5 59. Ra1 Be7
60. Rxa2 Rxc7 61. Rc2 Rc4+ 62. f4 Bf6 63. Kf5 Be7 64. Kg4 Rc8 65. Kh3 Ke6 66. c4
Kd6 67. c5+ Kc6 68. Re2 Rc7 69. f5 Kd5 70. c6 Ra7 71. Re3 Kd4 72. Re6 Ra3+ 73.
Kg4 Rg3+ 74. Kh5 h3 75. Re1 h2 76. Rh1 Rg8 77. Kh6 Bd6 78. f6 Kd5 79. f7 Rc8 80.
Kg7 Be5+ 81. Kh7 Ke6 82. Rf1 Ke7 83. c7 Kf8 84. Kg6 Rxc7 85. Rd1 Rxf7 0-1

[Event "Sardinia World Open A"]
[Site "Orosei ITA"]
[Date "2026.05.06"]
[Round "5.12"]
[White "Sonis, Francesco"]
[Black "Lortkipanidze, Nodar"]
[Result "1-0"]
[WhiteTitle "GM"]
[BlackTitle "IM"]
[WhiteElo "2556"]
[BlackElo "2363"]
[WhiteFideId "895733"]
[BlackFideId "13604058"]
[EventDate "2026.05.03"]

1. c4 Nf6 2. g3 g6 3. Bg2 Bg7 4. Nc3 O-O 5. d4 d6 6. Nf3 Nc6 7. O-O Bf5 8. d5
Na5 9. Nh4 Bd7 10. b3 c5 11. dxc6 bxc6 12. Bb2 Rb8 13. Qd2 c5 14. Rac1 Qb6 15.
Ba1 Rfd8 16. h3 Bc6 17. e4 e6 18. Kh2 Ba8 19. f4 Nc6 20. Qf2 Nd4 21. Rce1 Bc6
22. e5 Nd7 23. Bxc6 Qxc6 24. Ne4 dxe5 25. fxe5 Rf8 26. Nxc5 Nxc5 27. Qxd4 Rbd8
28. Qf4 h6 29. Nf3 a5 30. Bc3 Rd3 31. Nd4 Qa8 32. Nb5 g5 33. Qg4 Rfd8 34. Bd4
Qc6 35. Re2 a4 36. b4 Na6 37. Ba1 Nxb4 38. Nd6 Rd7 39. Qh5 R3xd6 40. exd6 Bxa1
41. Rxa1 Qxc4 42. Rd2 Kg7 43. h4 Qc3 44. Rad1 Qf6 45. hxg5 hxg5 46. Kg1 Nd5 47.
Rh2 Kf8 48. Rf1 Qe5 49. Qh6+ Qg7 50. Qxe6 Nf4 51. Qxd7 Qd4+ 52. Rhf2 1-0

[Event "Sardinia World Open A"]
[Site "Orosei ITA"]
[Date "2026.05.06"]
[Round "5.13"]
[White "Jaidambareesh N R"]
[Black "Suyarov, Mukhammadzokhid"]
[Result "0-1"]
[WhiteTitle "FM"]
[BlackTitle "IM"]
[WhiteElo "2373"]
[BlackElo "2534"]
[WhiteFideId "46656391"]
[BlackFideId "14210495"]
[EventDate "2026.05.03"]

1. d4 Nf6 2. c4 g6 3. Nf3 Bg7 4. g3 d6 5. Bg2 O-O 6. Nc3 c5 7. O-O Nc6 8. dxc5
dxc5 9. Be3 Qa5 10. Qa4 Qxa4 11. Nxa4 b6 12. Rad1 Ba6 13. Nc3 Ng4 14. Bg5 h6 15.
Bc1 Bxc3 16. bxc3 Bxc4 17. Nd2 Bb5 18. c4 Ba4 19. Rde1 Rac8 20. Bh3 h5 21. Nb1
Bc2 22. f3 Bxb1 23. fxg4 hxg4 24. Bxg4 Bxa2 25. Bxc8 Rxc8 26. Rf4 Rd8 27. Bb2
Rd2 28. Ba1 Rc2 29. Rh4 f6 30. g4 g5 31. Rh3 Bxc4 32. e4 e5 33. Rf3 Kg7 34. Rd1
Nd4 35. Bxd4 cxd4 36. Rb1 d3 37. Rf2 b5 38. Rxc2 dxc2 39. Rc1 Bd3 40. Kf2 b4 41.
Ke3 b3 42. Kxd3 b2 43. Kxc2 bxc1=R+ 44. Kxc1 Kf7 45. Kc2 Ke6 46. Kc3 Kd6 47. Kb4
Kc6 0-1

[Event "Sardinia World Open A"]
[Site "Orosei ITA"]
[Date "2026.05.06"]
[Round "5.14"]
[White "Jacobson, Aaron"]
[Black "Saric, Ivan"]
[Result "0-1"]
[WhiteTitle "IM"]
[BlackTitle "GM"]
[WhiteElo "2364"]
[BlackElo "2657"]
[WhiteFideId "2089912"]
[BlackFideId "14508150"]
[EventDate "2026.05.03"]

1. d4 Nf6 2. c4 g6 3. Nc3 Bg7 4. e4 d6 5. Nf3 O-O 6. Be2 e5 7. O-O Bg4 8. d5 a5
9. Ne1 Bd7 10. Nd3 Na6 11. a3 a4 12. f3 Nc5 13. Nxc5 dxc5 14. Bg5 h6 15. Bh4 b6
16. f4 Qe8 17. fxe5 Qxe5 18. Bg3 Qd4+ 19. Qxd4 cxd4 20. e5 dxc3 21. exf6 Rfe8
22. fxg7 cxb2 23. Rab1 Rxe2 24. Rf2 Re4 25. Rf4 Re7 26. Rxb2 Kxg7 27. Rff2 Bf5
28. Rfe2 Rd7 29. d6 cxd6 30. Rxb6 Bd3 31. Re1 Bxc4 32. Rxd6 Rxd6 33. Bxd6 Rd8
34. Bb4 g5 35. h4 Kg6 36. hxg5 hxg5 37. Kf2 Rd3 38. Re3 Rb3 39. g3 Rb2+ 40. Ke1
f5 41. Bd6 Kh5 42. Re7 Rb3 43. Rg7 Rd3 44. Rd7 Kg4 45. Kf2 Ba6 46. Rd8 Bb5 47.
Ke1 Kf3 48. Rf8 Rd5 49. Bc7 Bd7 50. Rd8 Rd3 51. Rg8 Rxa3 52. Rxg5 Rc3 53. Bf4 a3
54. Rg8 Bc6 55. Rg7 Ba4 56. Ra7 Rc4 57. Rc7 a2 58. Rxc4 a1=Q+ 59. Kd2 Qb2+ 0-1

[Event "Sardinia World Open A"]
[Site "Orosei ITA"]
[Date "2026.05.06"]
[Round "5.15"]
[White "Vagman, Roy"]
[Black "Fier, Alexandr"]
[Result "1-0"]
[WhiteTitle "IM"]
[BlackTitle "GM"]
[WhiteElo "2366"]
[BlackElo "2578"]
[WhiteFideId "2828995"]
[BlackFideId "2107139"]
[EventDate "2026.05.03"]

1. e4 c5 2. Nf3 Nc6 3. Bb5 g6 4. Bxc6 dxc6 5. d3 Bg7 6. a4 Nf6 7. a5 O-O 8. Be3
c4 9. h3 cxd3 10. cxd3 e5 11. Qc2 Nh5 12. O-O f5 13. a6 bxa6 14. Nbd2 f4 15. Bc5
Re8 16. Nc4 g5 17. Nd6 g4 18. hxg4 Bxg4 19. Qc4+ Be6 20. Qxa6 Rf8 21. Qxc6 Rf6
22. Nb7 Qxd3 23. Nxe5 Qe2 24. Nd6 Raf8 25. Qb5 f3 26. Qxe2 fxe2 27. Rfe1 Nf4 28.
Rxa7 Rh6 29. Bd4 Bf6 30. Nf5 Rh5 31. g4 Rh3 32. g5 Bxf5 33. gxf6 Bxe4 34. Rg7+
Kh8 35. f3 Bd5 36. Rg4 Ne6 37. Bc3 Rc8 38. Nf7# 1-0

[Event "Sardinia World Open A"]
[Site "Orosei ITA"]
[Date "2026.05.06"]
[Round "5.16"]
[White "Coicev, Matei-Andrei"]
[Black "Sokolovsky, Yahli"]
[Result "0-1"]
[WhiteTitle "FM"]
[BlackTitle "GM"]
[WhiteElo "2360"]
[BlackElo "2564"]
[WhiteFideId "1279688"]
[BlackFideId "2820242"]
[EventDate "2026.05.03"]

1. e4 e5 2. Nf3 Nc6 3. Bc4 Bc5 4. c3 Nf6 5. d3 a5 6. O-O d6 7. Nbd2 O-O 8. h3
Be6 9. Bb5 Ba7 10. Re1 Ne7 11. d4 Ng6 12. Bd3 Nh5 13. Nf1 Nhf4 14. Ng3 Nxd3 15.
Qxd3 a4 16. Be3 Qe8 17. Ng5 Bd7 18. Nf3 b5 19. b3 Be6 20. Ng5 Bd7 21. Nf3 Qe7
22. dxe5 dxe5 23. Bxa7 Rxa7 24. Nf5 Qe6 25. Rad1 Bc6 26. Qe3 Raa8 27. Qc5 Bxe4
28. Rxe4 Qxf5 29. Rde1 axb3 30. axb3 f6 31. Nd4 Qd7 32. Qxb5 Rf7 33. Qxd7 Rxd7
34. Nf3 Nf4 35. g3 Nd3 36. Rd1 Nxf2 37. Rxd7 Nxe4 38. Rxc7 Ra1+ 39. Kg2 Ra2+ 40.
Kg1 Nxg3 41. c4 Rb2 42. Rb7 Ne2+ 43. Kf1 e4 44. Nh4 Ng3+ 45. Kg1 f5 46. Ng2 Ne2+
47. Kf1 f4 48. Re7 Ng3+ 49. Kg1 Rb1+ 50. Kh2 Rh1# 0-1

[Event "Sardinia World Open A"]
[Site "Orosei ITA"]
[Date "2026.05.06"]
[Round "5.17"]
[White "Lalit Babu M R"]
[Black "Skytte, Rasmus"]
[Result "1/2-1/2"]
[WhiteTitle "GM"]
[BlackTitle "IM"]
[WhiteElo "2532"]
[BlackElo "2358"]
[WhiteFideId "5024595"]
[BlackFideId "1404210"]
[EventDate "2026.05.03"]

1. d4 Nf6 2. c4 c5 3. d5 b5 4. cxb5 a6 5. bxa6 e6 6. Nc3 exd5 7. Nxd5 Nxa6 8.
Nf3 Nxd5 9. Qxd5 Nc7 10. Qd1 d5 11. e4 Qe7 12. e5 Bg4 13. Bd3 c4 14. Bc2 Bxf3 1/2-1/2

[Event "Sardinia World Open A"]
[Site "Orosei ITA"]
[Date "2026.05.06"]
[Round "5.18"]
[White "Velten, Paul"]
[Black "Llari, Marc"]
[Result "1-0"]
[WhiteTitle "GM"]
[BlackTitle "FM"]
[WhiteElo "2487"]
[BlackElo "2273"]
[WhiteFideId "681091"]
[BlackFideId "651044269"]
[EventDate "2026.05.03"]

1. e4 e6 2. d4 d5 3. Nc3 Nf6 4. e5 Nfd7 5. f4 c5 6. Nf3 Nc6 7. Be3 Be7 8. Ne2
O-O 9. c3 Qc7 10. Qc2 f6 11. Ng3 fxe5 12. dxe5 g5 13. Nxg5 Bxg5 14. fxg5 Qxe5
15. Qe2 d4 16. Bd2 d3 17. Qe4 c4 18. O-O-O Qxe4 19. Nxe4 Nb6 20. g3 e5 21. Bg2
Be6 22. Nf6+ Kg7 23. Be4 Nd7 24. Nxh7 Rh8 25. Nf6 Nxf6 26. gxf6+ Kxf6 27. h4 Bg4
28. Rde1 Ke6 29. b3 cxb3 30. axb3 Be2 31. Bg5 Raf8 32. Rh2 Nd8 33. g4 Nf7 34.
Bf5+ Kd5 35. Bf6 Rhg8 36. Rhxe2 dxe2 37. Rxe2 Nh6 38. c4+ Kc6 39. Be4+ Kb6 40.
g5 Ng4 41. Be7 Rf1+ 42. Kc2 Re8 43. c5+ Ka5 44. Bd6 b6 45. Kc3 bxc5 46. Bc6 Rc8 1-0

[Event "Sardinia World Open A"]
[Site "Orosei ITA"]
[Date "2026.05.06"]
[Round "5.19"]
[White "Gharibyan, Mamikon"]
[Black "Paduano, Claudio"]
[Result "1-0"]
[WhiteTitle "GM"]
[BlackTitle "FM"]
[WhiteElo "2477"]
[BlackElo "2267"]
[WhiteFideId "13308300"]
[BlackFideId "2806393"]
[EventDate "2026.05.03"]

1. e4 c5 2. Nf3 Nc6 3. d4 cxd4 4. Nxd4 Nf6 5. Nc3 e5 6. Ndb5 d6 7. Bg5 a6 8. Na3
b5 9. Nd5 Be7 10. Bxf6 Bxf6 11. c3 Bg5 12. Nc2 Rb8 13. a4 bxa4 14. Ncb4 Nxb4 15.
cxb4 Bd7 16. Bxa6 O-O 17. O-O Bc6 18. Rxa4 Bxa4 19. Qxa4 Kh8 20. Qc6 Bd2 21. b5
Ba5 22. Bb7 Qe8 23. Ra1 Bd8 24. Qxe8 Rxe8 25. Bc6 Rf8 26. Ra6 Rc8 27. Kf1 g6 28.
Ke2 Kg7 29. Ra7 Kh6 30. Rd7 f5 31. Rxd6 Rb8 32. exf5 Rxf5 33. f3 Rf7 34. Kd3 Ra7
35. Re6 Ra2 36. Kc2 Ra1 37. Rxe5 Rh1 38. h3 Rg1 39. Re2 Kg5 40. f4+ Kh4 41. Rd2
g5 42. fxg5 Bxg5 43. Rd4+ Kh5 44. Nc3 Rc1+ 45. Kb3 Bf6 46. Rd6 Bh8 47. Na4 Bg7
48. b6 Kh4 49. Bf3 Bf8 50. Rd7 h6 51. b7 Re1 52. Rc7 Bd6 53. Rd7 Be5 54. Nc5 Rb1
55. Rd2 Bf4 56. Rd4 Kg3 57. Nd7 Rd8 58. Rxf4 1-0

[Event "Sardinia World Open A"]
[Site "Orosei ITA"]
[Date "2026.05.06"]
[Round "5.20"]
[White "Adithya A Chullikkad"]
[Black "Dronavalli, Harika"]
[Result "0-1"]
[WhiteTitle "FM"]
[BlackTitle "GM"]
[WhiteElo "2358"]
[BlackElo "2470"]
[WhiteFideId "45078734"]
[BlackFideId "5015197"]
[EventDate "2026.05.03"]

1. e4 e5 2. Nf3 Nc6 3. Nc3 Nf6 4. d4 exd4 5. Nxd4 Bb4 6. Nxc6 bxc6 7. Bd3 O-O 8.
O-O d5 9. exd5 Bg4 10. Ne2 cxd5 11. c4 Re8 12. Qc2 h6 13. h3 Bd7 14. Be3 c6 15.
Rad1 Bd6 16. Bf5 Rc8 17. Rfe1 Bb8 18. Bxd7 Qxd7 19. Qd3 Qc7 20. Bf4 Qa5 21. Bxb8
Rxb8 22. cxd5 cxd5 23. Qb1 Qb6 24. Nc3 Rxe1+ 25. Rxe1 Qxb2 26. Qxb2 Rxb2 27. Rd1
g6 28. Nxd5 Nxd5 29. Rxd5 Rxa2 30. Rd7 a5 31. Ra7 a4 32. g3 Kg7 33. Ra6 a3 34.
Kg2 Kf8 35. Ra7 Ke8 36. Kf3 h5 37. Kg2 f6 38. Kf3 Kd8 39. Ra6 Ke7 40. Kg2 g5 41.
Kf3 Kf7 42. Ra7+ Ke6 43. Ra5 Ra1 44. Ra4 Ke5 45. Ra6 Ra2 46. Ra4 Kd5 47. Ra6 Kc4
48. Rxf6 Rc2 49. Ra6 a2 50. h4 g4+ 51. Kf4 Kb4 52. Rb6+ Ka5 53. Rb8 Rc4+ 0-1

[Event "Sardinia World Open A"]
[Site "Orosei ITA"]
[Date "2026.05.06"]
[Round "5.21"]
[White "Atanasov, Anthony"]
[Black "Srinath, Rao S.V."]
[Result "1/2-1/2"]
[WhiteTitle "IM"]
[BlackTitle "IM"]
[WhiteElo "2470"]
[BlackElo "2296"]
[WhiteFideId "2623897"]
[BlackFideId "5028876"]
[EventDate "2026.05.03"]

1. d4 Nf6 2. Nf3 e6 3. Nbd2 c5 4. e3 b6 5. Bd3 cxd4 6. exd4 Ba6 7. Nc4 Be7 8.
Bf4 O-O 9. Ne3 Bxd3 10. Qxd3 Nc6 11. Bg5 Rc8 12. Bxf6 Bxf6 13. c3 Qc7 14. O-O d5
15. g3 g6 16. Rfe1 Bg7 17. Re2 Na5 18. h4 h5 19. Rae1 Nc4 20. Ng2 Nd6 21. Ng5
Nf5 22. Nf4 Bf6 23. Nf3 Qc4 24. Qb1 b5 25. Nd3 Qc7 26. Nfe5 Be7 27. a3 a5 28.
Nf4 Bd6 29. Qd3 b4 30. cxb4 axb4 31. axb4 Bxe5 32. dxe5 Qc4 33. Qd2 Qb5 34. b3
Rb8 35. Nd3 Rfc8 36. Qd1 Rc3 37. Nc5 Qxb4 38. Nd7 Rbc8 39. Qd2 Qd4 40. Kg2 Qxd2
41. Rxd2 Rxb3 42. Ra1 Rb7 43. Nf6+ Kg7 44. Ra6 Nh6 45. Rda2 Ng8 46. R2a5 Nxf6
47. exf6+ Kxf6 48. Rxd5 Ra7 49. Rda5 Rxa6 50. Rxa6 Kf5 51. Ra3 e5 52. Rf3+ Ke6
53. Ra3 Rc6 54. Rb3 Ra6 55. Rb7 Ra3 56. Rc7 f6 57. Rb7 Kf5 58. Rb5 Rc3 59. Ra5
Rb3 60. Ra4 Rb2 61. Ra5 Rb4 62. Kf3 Rc4 63. Kg2 Rc2 64. Kf3 g5 65. hxg5 fxg5 66.
Kg2 Rd2 67. Rb5 Ra2 68. Kf3 Ra3+ 69. Kg2 Ra6 70. Rb4 Ra2 71. Rb5 Rd2 72. Ra5 Rd4
73. Ra8 Rd6 74. Rf8+ Rf6 75. Rh8 Kg4 76. Re8 Rf5 77. Rb8 Rf7 78. Re8 Kf5 79. Rh8
Kg6 80. Re8 Rf5 81. Re6+ Kg7 82. Re8 g4 83. Re6 Kf7 84. Rh6 e4 85. Ra6 Re5 86.
Ra3 Kf6 87. Kf1 Rb5 88. Ke2 Kg5 89. Ra8 1/2-1/2

[Event "Sardinia World Open A"]
[Site "Orosei ITA"]
[Date "2026.05.06"]
[Round "5.22"]
[White "Song, Yuxin"]
[Black "Castellanos Villela, Alejandro"]
[Result "1/2-1/2"]
[WhiteTitle "IM"]
[BlackTitle "FM"]
[WhiteElo "2462"]
[BlackElo "2271"]
[WhiteFideId "8614300"]
[BlackFideId "3446379"]
[EventDate "2026.05.03"]

1. e4 c5 2. Nf3 Nf6 3. Nc3 d5 4. exd5 Nxd5 5. Bb5+ Bd7 6. Ne5 Nf6 7. a4 e6 8. b3
Qc7 9. Nxd7 Nbxd7 10. Bb2 a6 11. Be2 Bd6 12. h3 O-O 13. O-O Rad8 14. Re1 Ne5 15.
Bf1 Nc6 16. g3 Be5 17. Bg2 Bd4 18. Qf3 Rd7 19. g4 Rfd8 20. Qe2 Qf4 21. d3 h5 22.
gxh5 Qh4 23. Nd1 Rd5 24. c3 Be5 25. Bxd5 Rxd5 26. Qf3 Bf4 27. Ne3 1/2-1/2

[Event "Sardinia World Open A"]
[Site "Orosei ITA"]
[Date "2026.05.06"]
[Round "5.23"]
[White "Perossa, Nicolas"]
[Black "Muthaiah, AL"]
[Result "1/2-1/2"]
[WhiteTitle "FM"]
[BlackTitle "IM"]
[WhiteElo "2332"]
[BlackElo "2448"]
[WhiteFideId "2850520"]
[BlackFideId "5092442"]
[EventDate "2026.05.03"]

1. e4 c5 2. Nf3 e6 3. g3 Nc6 4. Bg2 Nf6 5. Nc3 d6 6. d4 cxd4 7. Nxd4 Bd7 8. O-O
a6 9. a4 Be7 10. Be3 O-O 11. Nxc6 bxc6 12. a5 Rb8 13. Na4 c5 14. Nb6 Qc7 15.
Nxd7 Nxd7 16. b3 Ne5 17. Qe2 Rb5 18. Bd2 Nc6 19. Ra4 Rfb8 20. Rfa1 Bf6 21. Rd1
h6 22. Bf1 Nb4 23. Qc4 Nc6 24. Qe2 Nb4 25. Qc4 Nc6 26. Qd3 Nxa5 27. Bf4 Nb7 28.
Bxd6 Nxd6 29. Qxd6 Qxd6 30. Rxd6 R5b6 31. Rxb6 Rxb6 32. Bxa6 Rb4 33. Ra5 Bd4 34.
Bc4 Rb7 35. Kf1 g5 36. Ke2 Kg7 37. f4 Rd7 38. Kf3 Bg1 39. Bd3 gxf4 40. gxf4 Rc7
41. h3 Bd4 42. Ra6 Rd7 43. Ra4 Bc3 44. Ra8 Bd2 45. Ra1 Bc3 46. Ra2 Bd2 47. Ra1
Bc3 48. Rg1+ Kf8 49. Rg2 Ra7 50. f5 exf5 51. exf5 Ke7 52. Rg4 Ra1 53. Rh4 Bd2
54. Re4+ Kf6 55. Re8 Re1 56. Rc8 Be3 57. Rc6+ Kg5 58. Rc7 Bd4 59. Rxf7 Re3+ 60.
Kg2 Kh4 61. Rf8 Rg3+ 62. Kf1 Rxh3 63. Ke2 Re3+ 64. Kd2 Rf3 65. c3 Be5 66. Re8
Bf6 67. b4 cxb4 68. cxb4 Rf4 69. b5 Rb4 70. Rg8 Rb2+ 71. Ke3 h5 72. Rg6 Bg5+ 73.
Kf3 Rb4 74. Rg8 Rf4+ 75. Ke2 Rb4 76. Rf8 Rb2+ 77. Ke1 Rb3 78. Ke2 Rb2+ 79. Kf3
Rb4 80. Rf7 Rf4+ 81. Ke2 Rb4 82. Kf2 Kg4 83. Be2+ Kf4 84. Rc7 Bh4+ 85. Kg2 Rb2
86. Rc4+ Kxf5 87. Rxh4 Rxe2+ 88. Kf3 Rb2 89. Rxh5+ Ke6 90. Ke3 Kd6 91. Kd3 Kc7
92. Kc4 Rc2+ 93. Kb4 Rb2+ 1/2-1/2